Представление документа в формате RUSMARC

ПолеНазваниеЗначение
  Тип записи a
  Библиографический уровень c
001 Контрольный номер RU/IS/BASE/584814904
005 Дата корректировки 20201206205138.9
010 Индекс ISBN __
a ISBN 978-5-9691-1652-8 (в пер.)
d Цена 675-00, 1500 экз.
100 Данные общей обработки __
a Данные общей обработки 19180713d2018||||||| 0rusy0189 ca
101 Язык документа 0_
a Язык текста rus
102 Страна публикации __
a Страна публикации ru
105 Кодированные данные (монография) __
a Кодированные данные (монография) a|||||||000zy
200 Заглавие и сведения об ответственности 1_
a Заглавие Провинциальная философия
e Сведения, относящиеся к заглавию [трилогия]
f Первые сведения об ответственности Марк Харитонов
b Общее обозначение материала Текст
210 Выходные данные __
a Место издания Москва
c Издательство Время
d Дата издания 2018
215 Физическое описание __
a Объем 863 с.
c Иллюстрации/тип воспроизводства ил.
d Формат 17 см
225 Серия __
a Серия Серия "Самое время!"
327 Примечание о содержании __
a Примечание о содержании Прохор Меньшутин
327 Примечание о содержании __
a Примечание о содержании Линии судьбы, или Сундучок Милашевича
330 Аннотация __
a Аннотация Трилогия Марка Харитонова (р. 1937) "Провинциальная философия" впервые издается на русском языке одной книгой. В нее входят романы "Прохор Меньшутин" (1971, опубликован в 1988), "Провинциальная философия" (1977, опубликован в 1993), "Линии судьбы, или Сундучок Милашевича" (1980-1985, премия "Русский Букер", 1992). Все три книги связаны общими персонажами, общим местом действия, провинциальными городками Нечайск и Столбенец, общим продолжающимся сюжетом, "тихим, но могучим дыханием неутолимой страсти" (Андрей Немзер). В полном виде трилогия публиковалась только по-французски по инициативе выдающегося слависта профессора Жоржа Нива, отмечавшего "неподражаемый колорит, который ощущается во всех работах большого писателя". Отдельные части трилогии публиковались также на английском, чешском и китайском языках.
333 Примечание о целевом назначении __
a Примечание о целевом назначении 16+. Для детей старше 16 лет
606 Тематические рубрики __
a Основная рубрика Художественная литература
606 Тематические рубрики __
a Основная рубрика Современная русская литература (произведения)
610 Ключевые слова __
a Ключевые слова Букеровская премия
a Ключевые слова книги-лауреаты
a Ключевые слова проза
a Ключевые слова романы
a Ключевые слова современная проза
a Ключевые слова тема жизни
a Ключевые слова тема провинции
a Ключевые слова тема размышлений
a Ключевые слова трилогии
686 Индексы других классификаций __
2 Код системы rubbks
a Классификационный индекс 84(2=411.2)6-4; ст84(2Рос=Рус)6-4
700 Автор _1
a Фамилия Харитонов
b Имя М. С.
f Даты 1937-
g Полное личное имя Марк Сергеевич
4 Код отношения 070
801 Источник записи _0
a Страна ru
b Организация Муниципальное бюджетное учреждение культуры "Централизованная библиотечная система" г. Сургут (Центральная городская библиотека им. А. С. Пушкина)
c Дата составления 20180713
g Правила каталогизации rpk
801 Источник записи _1
a Страна ru
b Организация Муниципальное бюджетное учреждение культуры "Централизованная библиотечная система" г. Сургут (Центральная городская библиотека им. А. С. Пушкина)
c Дата составления 20180713
g Правила каталогизации rpk
852 Данные о местонахождении __
j Шифр хранения 84(2=411.2)6-4
i Авторский знак Х 20
901 Тип документа __
t Тип документа x
a Ответственный КиК/Апакова
903 Характеристики (МАРС) __
a Дата передачи 20180713
990 Данные о заказе (DOS) __
j Количество экземпляров (DOS) 8
t N записи в КСУ для И/У (DOS) 201808